Guess the Movie by the Emoji #2 - Statistics

General Stats
  • This quiz has been taken 509 times
  • The average score is 7 of 12
Answer Stats
Hint Answer % Correct
πŸ§œβ€β™€οΈπŸ¦΅ The Little Mermaid
89%
😊😑😭😱🀒 Inside Out
78%
πŸœπŸ›πŸž A Bug's Life
74%
πŸ‘¨πŸ»πŸͺ”πŸ§žβ€β™‚οΈ Aladdin
74%
🐘πŸŽͺ Dumbo
73%
πŸŽπŸš–πŸš™ Cars
71%
🟒πŸ’ͺ The Incredible Hulk
63%
πŸ‘¨β€πŸ‘©β€πŸ‘§β€πŸ‘¦πŸ¦ΈπŸ»β€β™€οΈπŸŸ£πŸ¦ΈπŸΌβ€β™‚οΈπŸ’¨ The Incredibles
59%
🀠⚱️ Raiders of the lost ark
55%
🎢🌧 Singin' in the rain
42%
🐢🐢😈πŸ§₯ 101 Dalmatians
37%
πŸ€΅πŸ½β€β™‚οΈπŸ‘©πŸ½πŸ‘ΆπŸ½πŸ”«πŸ’₯ James Bond (No Time To Die)
7%
No matching quizzes found
Score Distribution
Percent of People with Each Score
Percentile by Number Answered
Your Score History
You have not taken this quiz